000 02297cam a22004334i 4500
003 PE-LiUPU
005 20250731183422.0
008 150625s r 000 0 d
020 _a9972726053
035 _a(Sirsi) i9789972726057
040 _aPE-LiUPU
_bspa
_cPE-LiUPU
_erda
049 _aPRUA
082 0 4 _a708.985
_bB92
_221
100 1 _aBuntix Armagno, Gustavo,
_eautor.
245 1 0 _aPinacoteca municipal Ignacio Merino :
_bLXXX aniversario, 1925-2005 /
_c[investigación histórica y textos, Gustavo Buntinx Armango, Luis Eduardo Wuffarden Revilla].
264 1 _aLima :
_bMunicipalidad Metropolitana de Lima, Dirección Municipal de Educación y Cultura,
_c2005 (Lima : Editora Argentina).
300 _a348 páginas :
_bilustraciones ;
_c32 centímetros
336 _atext
_2rdacontent
337 _aunmediated
_2rdamedia
338 _avolume
_2rdacarrier
505 0 _aPinacoteca Municipal Ignacio Merino. -Catálogo. -Pintura colonial. -Costumbristas tardíos. -Ignacio Merino. -Otros académicos. -Académicos tardíos. -La Escuela indigenista en Lima y seguidores. -El indigenismo en las provincias. -De los independientes a Fernando de Szyszlo. -Concursos municipales de pintura. -Concursos municipales de grabado. -Retratos de autoridades locales. -Artistas extranjeros. -Colección Ricardo Palma. -Documentos.
526 _aP158
526 _aP146
526 _aP17
526 _aP12
526 _aP06
610 2 _aPinacoteca Municipal Ignacio Merino (Lima)
_vAniversarios, etc.
650 0 4 _aPintores
_zPerú
_vExposiciones.
650 0 4 _aPintura peruana
_vCatálogos.
650 0 4 _aPintura peruana
_vExposiciones.
700 1 _aWuffarden, Luis Eduardo,
_d1954-.
710 2 _a.Lima. Municipalidad. Dirección Municipal de Educación y Cultura
942 _2ddc
_cBOOK
949 _a708.985 B92
_wDEWEY
_c1
_i58729
_lCCODEBUL1
_mBUL
_p35.00
_r0
_sY
_tBOOK
_u2015-6-25
_xINGENIERIA
_zUNKNOWN
_0COMPRA
_o.STAFF. Colección General
994 _aC0
_bPEPRU
596 _a1
999 _a708.985 B92
_wDEWEY
_c47603
_i58729
_f2021-11-9
_g7
_lCCODEBUL1
_mBUL
_p35.00
_r0
_sY
_tBOOK
_u2015-6-25
_xINGENIERIA
_zUNKNOWN
_0COMPRA
_o.STAFF. Colección General
_d47603
980 _81
_gALBERTO SANCHEZ Responsable de Automatización